00413nam a2200169Ia 4500008004100000020001800041041000800059082002100067100001200088245002000100260003600120300000900156500000800165500002200173650002400195700002400219230125s9999 xx 000 0 und d a81-7317-321-4 aeng a005.133bSIN/SIN aSingh M aC++ programming c2000bA P PublishersaNew Delhi a250p aC++ aC++;C programming aComputer Management aSingh M & Singh V P